Devinez les autoroutes avec leurs départs et arrivées #1 - Statistiques

Statistiques générales
  • Ce quiz a été pris 58 fois
  • Le résultat moyen est 5 sur 10
Statistiques - réponses
Départ Arrivée Autoroute % Correct
Vierzon Montauban A20
88%
La Roche-sur-Yon Angers A87
80%
Rennes Caen A84
78%
Antony Lormont A10
71%
Allemagne A6 A36
67%
Échirolles Les Pennes-Mirabeau A51
65%
Neyron Druillat A42
47%
Neuville-sur-Saône A43 A432
18%
Orvault La Chapelle-sur-Erdre A844
16%
A10 Rochefort A337
2%
Aucun quiz correspondant
Distribution des résultats
% des personnes avec chaque résultat
Percentile par nombre de réponses
Votre historique - résultats
Vous n’avez pas pris ce quiz